| 000 | 00643nam a2200205 a 4500 | ||
|---|---|---|---|
| 005 | 20240823063912.0 | ||
| 008 | 991125s1945 mx 000 0 spa u | ||
| 035 | _aUPN01000038300 | ||
| 049 | _aCG | ||
| 050 | 4 |
_aLE7.2913 _bV219 |
|
| 100 | 1 | _aMorner, Julia | |
| 245 | 1 | 0 |
_aMemorias de una colegiala / _cJulia Morner. |
| 260 |
_aMéxico : _bColegio de las Vizcaínas, _c1945. |
||
| 300 |
_a176 p. : _bil. |
||
| 500 | _a"Fondo histórico médico Doctor Germán Somolinos" | ||
| 600 | 1 | 4 | _aMORNER, JULIA |
| 610 | 2 | 4 |
_aColegio de San Ignacio de Loyola Vizcaínas (México) _xHistoria _99678 |
| 650 | 4 |
_aDIARIOS INTIMOS _915923 |
|
| 905 | _aLibro | ||
| 999 |
_c38300 _d38300 |
||